Brunei : EIU country profile 2005.
| Format: | Book |
|---|---|
| Published: |
London:
The Economist Intelligence Unit,
2005.
|
| Subjects: |
| LEADER | 00427cam a2200145 7i4500 | ||
|---|---|---|---|
| 001 | 0000017222 | ||
| 005 | 20060329090000.0 | ||
| 022 | 0 | 0 | |a 1741-010 X |
| 090 | 0 | 0 | |a BRUN 330.9 |b BRU |
| 245 | 0 | 0 | |a Brunei : |b EIU country profile 2005. |
| 260 | 0 | 0 | |a London: |b The Economist Intelligence Unit, |c 2005. |
| 300 | # | # | |a 27 p. |
| 650 | 0 | 0 | |a Brunei -- |x Country profile |
| 651 | 0 | 0 | |a Brunei |
| 999 | |a PNG000454B |b Book |c Countries |e MATRADE Northern Regional Office | ||